000 02143nam0a2200433 4500
001 RU\NLR\BIBL_A\012520821
005 20211124155728.0
010 _a978-5-4484-2437-3
_91000
021 _aRU
_bКН-П-20-087533
_9КН-П-20-6654
035 _a(NLR Aleph) 012520821
035 _a(RuMoRGB)010539994
090 _a12323257
_c12323257
100 _a20210519d2021 u y0rusy50 ca
101 1 _arus
_cger
102 _aRU
105 _aach|zzzz0||zy
181 0 _ai3
_baxxe
182 0 _an
200 1 _aДневник карателя
_fЭрих фон дем Бах-Зелевский
_g[пер. с нем. И. И. Ковтун]
_gавт.-сост. Д. А. Жуков, И. И. Ковтун
203 _aТекст
_bвизуальный
_cнепосредственный
210 _aМосква
_cВече
_d2021 [т.е. 2020]
215 _a446, [1] с., [8] л. ил., портр., факс.
_d21
300 _aВ тексте аннот. авт.: обергруппенфюрер СС Эрих фон дем Бах-Зелевский
300 _aФактическая дата выхода в свет - 2020
320 _aБиблиогр.: с. 99-112 и в тексте примеч.
320 _aИмен. указ.: с. 439-446
333 _a16+
600 1 _aБах
_bЭ. фон дем
_f1899 - 1972
_gЭрих фон дем
_jДневники
_92484686
_3RU\NLR\AUTH\6601691138
606 1 _aВеликая Отечественная война
_jДневники
_xЗверства немецко-фашистских захватчиков
_z1941 - 1945
_91336383
_3RU\NLR\AUTH\66241586
686 1 _aТ3(4Г)63-492,013
686 1 _aЦ68,8(4Г)-243дБах
686 1 _aЦ35(0)62-68,2-21,011
686 1 _aТ3(2)722.8,013
700 1 _7ca
_8rus
_aБах
_bЭ. фон дем
_f1899-1972
_gЭрих фон дем
_9232158
_3RU\NLR\AUTH\770232214
702 1 _4220
_7ca
_8rus
_aЖуков
_bД. А.
_cписатель, историк
_f1977-
_gДмитрий Александрович
_925174
_3RU\NLR\AUTH\7742229
942 _cBOOK
980 _aNB